000 00567nam a2200205Ia 4500
005 20241216010902.0
008 190212s9999||||xx |||||||||||||| ||und||
082 _a001.432
_bR74
100 _aRODRIGUEZ PASTOR, HUMBERTO
245 0 _aACTAS DEL CONGRESO NACIONAL INVESTIGACION HISTORICA
_bHISTORIA SOCIAL Y POLITICA
250 _a0
260 _aLIMA-PERU
_bCONCYTEC
_c1991
300 _a268 pag
_c21 cm
341 _h0
490 _v0
_a1
505 _aHISTORIA-SOCIAL
541 _aD
_bCONCYTEC
_d25-Oct-93
_oSoles
650 _aOBRAS GENERALES
942 _cLIBRO
999 _c26756
_d26756